Fürsten Spiegel. Christliche vnd notwendige vermanung/ An alle Euangelische Chur vnd Fürsten/ Stedt vnd Stende der Augspurgischen Confession/ Was die furnemlich in jhrem Regiment teglich betrachten vnd volbringen sollen. 1566. Mit einer Vorrede M. Ciriac. Spangenb. Syrach/ cap. 10. Ein qeiser Regent ist streng/

Bibliographic Details
Main Author: Rorer, Thomas, 1542-1580 (Author, Dedicator)
Corporate Author: Schmuck, Michael (Schmalkalden, Nemecko) (Printer)
Other Authors: Spangenberg, Cyriacus, 1528-1604 (Dedicator, auv, Author of introduction, etc.), Schuck, Michael 1535-1606 (Printer)
Format: Book
Language:German
Published: Gedruckt zu Schmalkalden bey Michel Schmuck 1566
Subjects:

MARC

LEADER 00000nam a2200000 a 4500
001 vtls001515644
003 SK-MaSNL
005 20260301183147.0
008 251112s1566 gw ger
015 |a SNKHFA1566 
020 |q (viaz.) 
035 |a urn:nbn:sk:snk-am00csh9 
035 |a urn:nbn:sk:snk-am3haba 
035 |a 12BAB5D6-C1D4-4813-9689-EBDFC1EAF2E3 
040 |a SNK  |b slo  |c SNK  |e AACR2 
041 |a ger 
044 |a gw  |c DE 
072 7 |a 2  |x Náboženstvo  |2 konspekt 
080 |a 929.7  |2 2011 
080 |a 21/29-1/-9  |2 2011 
100 1 |a Rorer, Thomas,  |d 1542-1580  |4 aut  |4 dto  |9 443995 
245 1 0 |a Fürsten Spiegel. Christliche vnd notwendige vermanung/ An alle Euangelische Chur vnd Fürsten/ Stedt vnd Stende der Augspurgischen Confession/ Was die furnemlich in jhrem Regiment teglich betrachten vnd volbringen sollen. 1566. Mit einer Vorrede M. Ciriac. Spangenb. Syrach/ cap. 10. Ein qeiser Regent ist streng/  |c Beschrieben durch Thomam Rorarium/ Pfarherr zu Reinhartshofen 
260 |a Gedruckt zu Schmalkalden  |b bey Michel Schmuck  |c 1566 
300 |a )(8, )()(4, A8 - H8, I4 [=80] l.  |c 8°  |c 15 cm 
500 |a Vlys, titulný list s červeno-čiernou tlačou, typografické ozdoby 
500 |a Nečíslované strany 
501 |a Príväzok 1.: KAYSER, Philipp: Ein feltiger vnd gründlicher Bericht. - Vrsel: Nicolaus Henricus, 1568.  |5 SNK IE 10087, prív. 1 
501 |a Príväzok 2.: SPANGENBERG, Johannes: Acht vnd zwenzig Leichpredigten. - Wittenberg : Lorenz Schwenck, 1567.  |5 SNK IE 10087, prív. 2 
501 |a Príväzok 3.: SCHŐN: Ein schönes lied. - Regensburg : Johann Burger, 1567.  |5 SNK IE 10087, prív. 3 
504 |a Kustody 
508 |a Ded.: Wolfgang - falcgróf rýnsky; Rorer, Thomas; Spangenberg, Cyriacus; pref.: Spangenberg, Cyriacus 
508 |a Predslov 
510 4 |a VD 16 R/3043 
546 |a Nemčina  |b Fraktúra 
550 |a Miesto tlače a tlačiar doplnené z kolofónu 
561 |a Z knižnice františkánov v Kremnici.  |5 SNK IE 10087 
562 |a Rukopisné poznámky v latinčine k textu.  |5 SNK IE 10087 
562 |a Sum ex libris Marci Schallmanni Schemniciensis. mp. - Sum ex Libris Marci Scholarem 1690. - Hans Arstalt. - Sum ex Libris Marci Schallmanni Schembniciensis emptus 90 φ Anno 1608. 3. die Juniji.  |5 SNK IE 10087 
563 |a Väzba: pôvodná, hnedá koža so slepotlačou, stopy po sponách.  |5 SNK IE 10087 
650 0 7 |a náboženstvo  |2 SNKPH  |9 2023 
650 0 7 |a šľachta  |2 SNKPH  |9 28113 
700 1 |a Spangenberg, Cyriacus,  |d 1528-1604  |4 auv  |4 dto  |9 54423 
700 0 |a Wolfgang  |c falcgróf rýnsky  |4 hnr  |9 341849 
700 1 |a Schuck, Michael  |d 1535-1606  |4 prt  |9 130480 
700 1 |a Schallmann, Marek,  |d 1608  |4 fmo  |9 558036 
700 1 |a Scholar, Marek,  |d 1690  |4 fmo  |9 558037 
700 1 |a Arstalt, Hans  |4 fmo  |9 195837 
700 1 |a Spangenberg, Cyriacus,  |d 1528-1604  |4 aui  |9 54423 
710 0 |a Schmuck, Michael (Schmalkalden, Nemecko)  |4 prt  |9 558038 
710 2 |a Františkáni (Kremnica, Slovensko)  |4 fmo  |9 162717 
752 |a Nemecko  |d Schmalkalden 
852 |a snk  |b Františkáni Kremnica  |p IE 10087 
958 |a ONDV 
999 |c 856021  |d 857951 
952 |t Fr KR 1347  |a SNK  |b SNK  |c SNK_HF  |y PREZ  |7 0  |p 17A1256417  |o snkIE 10087  |i snkF 146/2006  |8 5  |z Príväzok 1-3  |0 0  |1 0  |4 0  |d 2005-04-05  |f 1  |l 0  |r 2005-04-05 00:00:00  |w 2026-02-24